| 000 | 00887nam a2200289 i 4500 | ||
|---|---|---|---|
| 003 | EG-GICUC | ||
| 005 | 20260425220249.0 | ||
| 008 | 260425s1990 fr ||||fr|||| 00| 0 fre d | ||
| 020 | _a225491401X | ||
| 040 |
_aEG-GiCUC _bfre _cEG-GiCUC _dEG-GiCUC _eRda |
||
| 082 | 0 | 4 |
_221 _a343 _bPR . Q |
| 092 | 0 | 4 | _221 |
| 099 | _aLaw1 10 343 PR . Q 1990 | ||
| 100 | 1 |
_aPradel,Jean _eAuteur |
|
| 245 |
_aQuelques Aspects Des Sciences Criminelles. _hVolume X/ _cJean Pradel. |
||
| 264 | 1 |
_aParis: _bÉditions Cujas, _c1990. |
|
| 300 |
_a218 page ; _c 24 cm. |
||
| 336 |
_2rda contenu _a texte |
||
| 337 |
_2rda medias _aOrdinateur |
||
| 338 |
_2 transporteur rda _a Ressource en ligne |
||
| 546 | _aTexte en français | ||
| 650 | 1 | _aDroit Pénal | |
| 650 | 1 | _aSciences Criminelles | |
| 856 | 4 | 0 | _uhttps://fll.law.cu.edu.eg/fulltext/bks/B10-11120.pdf |
| 905 | _a59 | ||
| 942 |
_2ddc _n0 _cBK _e21 |
||
| 999 |
_c73369 _d73369 |
||